Alkany - Statystyki

Ogólne statystyki
  • Ten quiz został rozwiązany 58 razy
  • Średni wynik to 8 z 10
Statystyki odpowiedzi
Wzór sumaryczny Alkan % Poprawnych
C4H10 Butan
100%
C2H6 Etan
100%
CH4 Metan
100%
C3H8 Propan
100%
C5H12 Pentan
82%
C6H14 Heksan
79%
C10H22 Dekan
75%
C8H18 Oktan
75%
C9H20 Nonan
71%
C7H16 Heptan
64%
Nie znaleziono quizów pasujących do podanych kryteriów
Rozkład punktacji
Procent ludzi z każdym wynikiem
Percentyl według liczby udzielonych odpowiedzi
Twoja historia wyników
Nie rozwiązałeś tego quizu